[Event "IECC M email"]
[Site "IECC email"]
[Date "2001.04.17"]
[Round "?"]
[White "Moore, Fletcher"]
[Black "Huang, Peter"]
[Result "1/2-1/2"]
[WhiteElo "929"]
[BlackElo "1322"]
[PlyCount "34"]
[EventDate "2001.??.??"]
[EventType "tourn (corr)"]
[EventRounds "6"]
[SourceTitle "Corr 2008"]
[Source "ChessBase"]
[SourceDate "2008.06.24"]
[SourceVersion "1"]
[SourceVersionDate "2008.06.24"]
[SourceQuality "1"]

1. e4 c6 2. Nc3 d5 3. d4 dxe4 4. Nxe4 Bf5 5. Qd3 Bxe4 6. Qxe4 Nf6 7. Qe5 Nbd7 8. Qf4 e6 9. Nf3 Nd5 10. Qe4 N7f6 11. Qe5 Bd6 12. Qe2 0-0 13. Ne5 Rc8 14. b3 Bb4+ 15. Bd2 Bxd2+ 16. Qxd2 Ne4 17. Qd3 Qa5+ 1/2-1/2

[Event "IECC Y2KO email"]
[Site "IECC email"]
[Date "1999.10.14"]
[Round "?"]
[White "Burks, Stan"]
[Black "Moore, Fletcher"]
[Result "1-0"]
[WhiteElo "1645"]
[BlackElo "912"]
[PlyCount "39"]
[EventDate "1999.??.??"]
[EventType "tourn (corr)"]
[EventRounds "2"]
[SourceTitle "Corr 2008"]
[Source "ChessBase"]
[SourceDate "2008.06.24"]
[SourceVersion "1"]
[SourceVersionDate "2008.06.24"]
[SourceQuality "1"]

1. d4 d5 2. Nf3 e6 3. c4 Bb4+ 4. Bd2 Nc6 5. Bxb4 Nxb4 6. e3 c5 7. Nc3 Bd7 8. dxc5 dxc4 9. Bxc4 Qc7 10. a3 Nc6 11. Nb5 Qa5+ 12. b4 Nxb4 13. axb4 Qxb4+ 14. Qd2 Qxc5 15. Nd6+ Ke7 16. Nxf7 Kxf7 17. Qxd7+ Kf8 18. Qxb7 Rd8 19. Rxa7 Qxc4 20. Qf7# 1-0

[Event "IECC CL7-1999.03"]
[Site "IECC email"]
[Date "1998.11.27"]
[Round "?"]
[White "Ciborowski, Konrad"]
[Black "Moore, Fletcher"]
[Result "1-0"]
[WhiteElo "1017"]
[BlackElo "927"]
[PlyCount "63"]
[EventDate "1999.??.??"]
[EventType "tourn (corr)"]
[EventRounds "4"]
[SourceTitle "Corr 2008"]
[Source "ChessBase"]
[SourceDate "2008.06.24"]
[SourceVersion "1"]
[SourceVersionDate "2008.06.24"]
[SourceQuality "1"]

1. Nf3 d6 2. g3 e5 3. Bg2 Be7 4. 0-0 Nf6 5. d3 0-0 6. e4 Be6 7. Nc3 Nc6 8. Ng5 Bg4 9. Bf3 Nd4 10. Bxg4 Nxg4 11. Qxg4 Bxg5 12. Bxg5 Qxg5 13. Qxg5 Nf3+ 14. Kg2 Nxg5 15. Nb5 Rfc8 16. f4 Ne6 17. f5 Nc5 18. b4 Na4 19. c4 a6 20. Na3 Re8 21. Nc2 b5 22. Ne3 bxc4 23. Nxc4 d5 24. exd5 e4 25. dxe4 Rxe4 26. Rac1 Rae8 27. d6 Nb6 28. Nxb6 cxb6 29. d7 Rd8 30. Rc8 Ree8 31. dxe8Q+ Rxe8 32. Rxe8# 1-0

[Event "IECC M email"]
[Site "IECC email"]
[Date "1998.06.12"]
[Round "?"]
[White "Mason, Bill"]
[Black "Moore, Fletcher"]
[Result "1-0"]
[WhiteElo "1001"]
[BlackElo "1014"]
[PlyCount "41"]
[EventDate "1998.??.??"]
[EventType "tourn (corr)"]
[EventRounds "12"]
[SourceTitle "Corr 2008"]
[Source "ChessBase"]
[SourceDate "2008.06.24"]
[SourceVersion "1"]
[SourceVersionDate "2008.06.24"]
[SourceQuality "1"]

1. e4 e5 2. Nf3 f6 3. d4 Nc6 4. Nc3 d6 5. Bb5 a6 6. Ba4 b5 7. Bb3 Bg4 8. Be3 f5 9. exf5 Bxf5 10. dxe5 dxe5 11. Bd5 Nge7 12. Bg5 h6 13. Bxc6+ Nxc6 14. Bxd8 Rxd8 15. Qe2 Bd6 16. 0-0-0 0-0 17. Nd5 e4 18. Nd4 Nxd4 19. Rxd4 Bf4+ 20. Kb1 Rde8 21. Nxf4 1-0

[Event "IECC M email"]
[Site "IECC email"]
[Date "1998.06.12"]
[Round "?"]
[White "Moore, Fletcher"]
[Black "Mason, Bill"]
[Result "0-1"]
[WhiteElo "1016"]
[BlackElo "984"]
[PlyCount "30"]
[EventDate "1998.??.??"]
[EventType "tourn (corr)"]
[EventRounds "12"]
[SourceTitle "Corr 2008"]
[Source "ChessBase"]
[SourceDate "2008.06.24"]
[SourceVersion "1"]
[SourceVersionDate "2008.06.24"]
[SourceQuality "1"]

1. e4 e5 2. c3 Nf6 3. f3 d5 4. d3 Nc6 5. Be3 d4 6. cxd4 Nxd4 7. Bxd4 exd4 8. Ne2 c5 9. Qa4+ Bd7 10. Qc4 Bd6 11. Nd2 Qa5 12. a3 Be6 13. b4 cxb4 14. Qxd4 Be5 15. 0-0-0 Qxa3+ 0-1